Statistics for [路線図付き] JR東日本 京葉線 駅名穴埋めクイズ

Click here to take the quiz!

General Stats

  • This quiz has been taken 688 times
    (635 since last reset)
  • The average score is 15 of 18

Answers on the Map

Answers color-coded by a green-red scale on the quiz's map according to % correct below.
 

Answer Stats

Answer% Correct
京葉線JE01東京
99%
京葉線JE07舞浜
94%
京葉線JE05新木場
93%
京葉線JE02八丁堀
92%
京葉線蘇我
92%
京葉線JE14海浜幕張
90%
京葉線JE06葛西臨海公園
88%
京葉線JE03越中島
88%
京葉線JE11南船橋
87%
京葉線JE04潮見
86%
京葉線JE08新浦安
85%
京葉線JE09市川塩浜
81%
京葉線JE12新習志野
81%
京葉線JE13幕張豊砂
81%
京葉線JE17千葉みなと
81%
京葉線JE10二俣新町
78%
京葉線JE15検見川浜
74%
京葉線JE16稲毛海岸
73%

Score Distribution

Percentile by Number Answered

Percent of People with Each Score

Your Score History

You have not taken this quiz since the last reset